[Event "10th Chigorin Mem"]
[Site "St Petersburg RUS"]
[Date "2002.11.02"]
[Round "8"]
[White "Ovsejevitsch,S"]
[Black "Eljanov,P"]
[Result "1/2-1/2"]
[WhiteElo "2508"]
[BlackElo "2568"]

1.d4 Nf6 2.c4 g6 3.Bg5 Ne4 4.Bf4 c5 5.Qc2 Qa5+ 6.Nd2 Nf6 7.d5 d6 8.e4 Na6
9.a3 Bg7 10.Ne2 Nxe4 11.Qxe4 Bf5 12.Qf3 Nb4 13.Ng3 Nc2+ 14.Kd1 Nxa1 15.Nxf5 gxf5
16.Bd3 Bxb2 17.Ke2 Qa4 18.Rb1 Nc2 19.Kf1 Nd4 20.Qe3 Nc2 21.Qe2 Nd4 22.Qe3 Nc2
23.Qe2 Nd4  1/2-1/2

[Event "10th Chigorin Mem"]
[Site "St Petersburg RUS"]
[Date "2002.11.03"]
[Round "9"]
[White "Eljanov,P"]
[Black "Frolyanov,D"]
[Result "1/2-1/2"]
[WhiteElo "2568"]
[BlackElo "2433"]

1.d4 d5 2.c4 e6 3.Nf3 c6 4.Qc2 Nf6 5.Bg5 h6 6.Bh4 dxc4 7.Qxc4 b5 8.Qc2 Bb7
9.e3 Nbd7 10.Bd3 Be7 11.O-O a6 12.Nbd2 Rc8 13.Bxf6 Nxf6 14.Nb3 c5 15.Nxc5 Bxc5
16.dxc5 Bxf3 17.gxf3 Qd5 18.b4 Qxf3 19.Qe2 Qh3 20.a4 Nd5 21.Be4 O-O 22.axb5 axb5
23.Rac1 Nxb4 24.Bg2 Qf5 25.Qxb5 Rb8 26.Qc4 Rfc8 27.Rfd1 Nc6 28.Qe4 Qxe4 29.Bxe4 Rc7
30.Rd6 Ne7 31.c6 Rbc8 32.Kg2 Kf8 33.Rd7 Nd5 34.Rxc7 Rxc7 35.Kf3 Ke7 36.Rg1 g6
37.Bxd5 exd5 38.Rc1 Ke6 39.h4 Ke5 40.Rc2 f5 41.Rc3 g5 42.hxg5 hxg5 43.Rc1 Kd6
44.Rg1 Rg7  1/2-1/2

[Event "Open"]
[Site "Cappelle la Grande FRA"]
[Date "2003.02.24"]
[Round "4"]
[White "Eljanov,P"]
[Black "Ghane,S"]
[Result "1-0"]
[WhiteElo "2571"]
[BlackElo "2405"]

1.d4 d5 2.c4 Bf5 3.cxd5 Bxb1 4.Qa4+ c6 5.Rxb1 Qxd5 6.Nf3 Nd7 7.e3 Ngf6 8.Bd2 e6
9.Bc4 Qf5 10.Qd1 Bd6 11.O-O O-O 12.Bc3 Rad8 13.Bd3 Qh5 14.e4 Bc7 15.Qe2 Rfe8
16.e5 Nd5 17.Bd2 Bb6 18.h3 Nf8 19.Rbd1 Rd7 20.Rfe1 f5 21.exf6 gxf6 22.Qf1 Rg7
23.Kh1 Rg4 24.Be2 Re4 25.Bc4 Rg4 26.Be2 Re4 27.Bd3 Rg4 28.Re4 f5 29.Ree1 Re7
30.Be2 Rgg7 31.Bc4 Rg4 32.Be2 Rgg7 33.b4 Kh8 34.b5 Rg8 35.bxc6 bxc6 36.Ne5 Qe8
37.Rc1 Reg7 38.Bf3 Re7 39.Qc4 Ng6 40.Nxc6 Ngf4 41.Bxf4 Nxf4 42.d5 Nxd5 43.Bxd5 exd5
44.Qxd5 Qg6 45.Nxe7  1-0

[Event "Open"]
[Site "Cappelle la Grande FRA"]
[Date "2003.02.25"]
[Round "5"]
[White "Klovans,J"]
[Black "Eljanov,P"]
[Result "1/2-1/2"]
[WhiteElo "2417"]
[BlackElo "2571"]

1.e4 c5 2.Nf3 Nc6 3.d4 cxd4 4.Nxd4 Nf6 5.Nc3 e5 6.Ndb5 d6 7.Bg5 a6 8.Na3 b5
9.Bxf6 gxf6 10.Nd5 f5 11.Bd3 Be6 12.O-O Bxd5 13.exd5 Ne7 14.c3 Bg7 15.Nc2 e4
16.Be2 O-O 17.Qd2 Rc8 18.f4 b4 19.Nxb4 a5 20.Nc6 Nxc6 21.dxc6 Rxc6 22.Rad1 Qb6+
23.Kh1 Rd8 24.c4 a4 25.Rb1 d5 26.cxd5 Rc5 27.Qe3 Qb4 28.a3 Qa5 29.b4 axb3
30.Qxb3 Rc3 31.Qb7 Rc7 32.Qb3 Qd2 33.Bc4 Qd4 34.Bb5 Qxd5 35.Qxd5 Rxd5 36.Rfd1 Rcc5
37.a4 Bc3 38.Kg1 Bd2 39.g3 Rc2 40.Kf1 Rdc5 41.Be2 Rc6 42.Rb5 Rh6 43.Rxf5 Rxh2
44.Rh5 Rxh5 45.Bxh5 f5 46.Rb1 Kg7 47.Rb5 Kf6 48.g4  1/2-1/2

[Event "Open"]
[Site "Cappelle la Grande FRA"]
[Date "2003.03.01"]
[Round "9"]
[White "Zontakh,A"]
[Black "Eljanov,P"]
[Result "1/2-1/2"]
[WhiteElo "2508"]
[BlackElo "2571"]

1.e4 c5 2.Nf3 Nc6 3.d4 cxd4 4.Nxd4 Nf6 5.Nc3 e5 6.Ndb5 d6 7.Bg5 a6 8.Na3 b5
9.Bxf6 gxf6 10.Nd5 f5 11.c3 Bg7 12.exf5 Bxf5 13.Nc2 O-O 14.Nce3 Be6 15.Bd3 f5
16.Bc2 b4 17.O-O bxc3 18.bxc3 Kh8 19.Qh5 Qa5 20.Rfd1 Bxd5 21.Rxd5 Qxc3 22.Rad1 Nb4
23.Bxf5 Rxf5 24.Qxf5 Nxd5 25.Nxd5 Qc8 26.Qe4 Rb8 27.h4 Qe6 28.a4 Rf8 29.Rb1 Qc8
30.f3 Bh6 31.Kh2 Bf4+ 32.g3 Qc5 33.Rf1 Bh6 34.Kg2 Qa3 35.Rf2 Qa1 36.Rc2 Qd1
37.Rc7 Bg7 38.h5 Qd2+ 39.Kh3 Qd1 40.Kg4 Qd2 41.Ne3 Rg8 42.Kh3 Qe1 43.Ng4 Qf1+
44.Kh2 d5 45.Qxd5 Qe2+ 46.Kg1 e4 47.Rxg7 Qe1+ 48.Kh2 Qe2+ 49.Kg1 Qe1+ 50.Kh2  1/2-1/2

[Event "4th Open"]
[Site "Marseille FRA"]
[Date "2003.06.28"]
[Round "1"]
[White "Eljanov,P"]
[Black "Gozzoli,C"]
[Result "1-0"]
[WhiteElo "2567"]
[BlackElo "2101"]

1.d4 Nf6 2.Nf3 d5 3.c4 c6 4.e3 a6 5.Bd3 Bg4 6.Nbd2 Nbd7 7.O-O e6 8.Qc2 dxc4
9.Nxc4 Bxf3 10.gxf3 Nd5 11.Qe2 b5 12.Nd2 Qh4 13.f4 g5 14.Nf3 Qg4+ 15.Kh1 h6
16.Bd2 Bd6 17.a4 Ke7 18.Ne5 Nxe5 19.fxe5  1-0

[Event "4th Open"]
[Site "Marseille FRA"]
[Date "2003.06.29"]
[Round "2"]
[White "Saez,F"]
[Black "Eljanov,P"]
[Result "0-1"]
[WhiteElo "2281"]
[BlackElo "2567"]

1.e4 c5 2.Nc3 Nc6 3.g3 g6 4.Bg2 Bg7 5.d3 d6 6.Be3 Nf6 7.Nge2 Rb8 8.h3 O-O
9.Qd2 Re8 10.O-O b5 11.f4 b4 12.Nd1 Nd7 13.g4 Ba6 14.h4 c4 15.h5 Qa5 16.hxg6 hxg6
17.e5 cxd3 18.cxd3 Rbc8 19.e6 fxe6 20.Be4 Nf8 21.Kh1 d5 22.Bg2 Qb5 23.Nc1 Nd7
24.Qe1 Rf8 25.Bg1 Nd8 26.Ne3 Nc5 27.Qd2 Nxd3 28.Nxd3 Qxd3 29.Qxb4 Kf7 30.Qe1 Nc6
31.Rd1 Qe2 32.Qg3 Rh8+ 33.Bh2 Qxb2 34.Rf2 Qb6 35.Rfd2 Rh7 36.Nxd5 exd5 37.Bxd5+ Kf8
38.Qe1 Nb4 39.Be6 Bb7+  0-1

[Event "4th Open"]
[Site "Marseille FRA"]
[Date "2003.06.30"]
[Round "4"]
[White "Genov,Peta"]
[Black "Eljanov,P"]
[Result "0-1"]
[WhiteElo "2490"]
[BlackElo "2567"]

1.d4 Nf6 2.c4 g6 3.Nc3 d5 4.Nf3 Bg7 5.Bg5 Ne4 6.cxd5 Nxg5 7.Nxg5 e6 8.Nf3 exd5
9.b4 O-O 10.e3 c6 11.Be2 Be6 12.O-O Nd7 13.Rc1 b5 14.a4 a6 15.a5 Qe7 16.Na2 Rac8
17.Rc3 Nf6 18.Ne5 Ne4 19.Rc2 Bf5 20.Nd3 Nd6 21.Nac1 h5 22.Nb3 Nc4 23.Nbc5 Ra8
24.Re1 Ra7 25.Bf3 Qd6 26.Rce2 Bc8 27.Nb3 Re7 28.Ndc5 Rfe8 29.Qd3 h4 30.g3 f5
31.Bg2 g5 32.f4 Qg6 33.Nc1 Nd6 34.gxh4 gxf4 35.exf4 Ne4 36.N1b3 Bf6 37.Qh3 Rh7
38.Nd3 Bxh4 39.Ne5 Rxe5  0-1

[Event "4th Open"]
[Site "Marseille FRA"]
[Date "2003.07.03"]
[Round "8"]
[White "Eljanov,P"]
[Black "Vasilev,M"]
[Result "1/2-1/2"]
[WhiteElo "2567"]
[BlackElo "2458"]

1.d4 Nf6 2.Nf3 d5 3.c4 e6 4.Nc3 Be7 5.Qc2 O-O 6.Bg5 Nbd7 7.cxd5 exd5 8.e3 c6
9.Bd3 Re8 10.O-O Nf8 11.h3 Be6 12.Rab1 a5 13.a3 N6d7 14.Bxe7 Qxe7 15.Na4 b5
16.Nc5 Nxc5 17.dxc5 a4 18.Nd4 Bd7 19.Rbc1 g6 20.Qc3 Ne6 21.Nxe6 Qxe6 22.Rfe1 Qe5
23.Qxe5 Rxe5 24.f4 Re7 25.g4 h5 26.gxh5 gxh5 27.Kf2 Kg7 28.Rg1+ Kf6 29.Rg5 Rh8
30.Rcg1 h4 31.Rg8 Rxg8 32.Rxg8 Bxh3 33.Kf3 Bd7 34.Rh8 h3 35.Rh6+ Kg7 36.Rh7+ Kg8
37.Rh6 Kg7 38.Rh7+ Kg8 39.Rh6 Kg7 40.Rh7+ Kf6  1/2-1/2

[Event "Andorra"]
[Site "Andorra la Vella AND"]
[Date "2003.07.05"]
[Round "1"]
[White "Vila Gazquez,Jo"]
[Black "Eljanov,P"]
[Result "0-1"]
[WhiteElo "2133"]
[BlackElo "2574"]

1.e4 c5 2.Nc3 Nc6 3.g3 g6 4.Bg2 Bg7 5.Nge2 e6 6.O-O Nge7 7.d3 O-O 8.Be3 Nd4
9.f4 d6 10.Bf2 Nec6 11.Nxd4 Nxd4 12.Rb1 Bd7 13.Ne2 Qa5 14.a3 Qa4 15.Bxd4 cxd4
16.c4 dxc3 17.Qxa4 Bxa4 18.Nxc3 Bb3 19.Bf3 Rac8 20.Nb5 Rfd8 21.Rfc1 Bc2 22.Nxa7 Bd4+  0-1

[Event "Andorra"]
[Site "Andorra la Vella AND"]
[Date "2003.07.12"]
[Round "8"]
[White "Eljanov,P"]
[Black "Avrukh,B"]
[Result "1-0"]
[WhiteElo "2574"]
[BlackElo "2557"]

1.Nf3 c5 2.c4 Nc6 3.Nc3 e5 4.a3 Nf6 5.e3 d5 6.cxd5 Nxd5 7.Qc2 Nxc3 8.dxc3 Bd6
9.e4 O-O 10.Bc4 Na5 11.Bd5 c4 12.Be3 Qc7 13.Qe2 Bd7 14.O-O Rae8 15.Rad1 Ba4
16.Rde1 Bc5 17.Nh4 Bd7 18.Nf5 Bxf5 19.exf5 Rd8 20.Rd1 Bxe3 21.Qxe3 Qb6 22.Qxe5 Rfe8
23.Qg3 h6 24.h3 Kf8 25.Rd4 Nb3 26.f6 g5 27.Rdd1 Qxf6 28.Qc7 b5 29.f4 g4 30.hxg4 Qe7
31.Qxe7+ Rxe7 32.Bc6 Rxd1 33.Rxd1 a6 34.f5 Kg7 35.Rd6 Re2 36.Rd7 Nc5 37.Ra7 Kf6
38.Bd5 Re7 39.Rxe7 Kxe7 40.Kf2 f6 41.Ke3 Kd6 42.Be4 Ke5 43.Bc2 a5 44.Bd1 a4
45.Bf3 Kd6 46.Be4 Nb3 47.Bc2 Ke5 48.Kf3 Nc5 49.Kg3 Nd3 50.Kh4 Nf4 51.g3 Ng2+
52.Kh5 Ne3 53.Bb1 Kd5 54.Kxh6 Nxg4+ 55.Kh5  1-0

[Event "ch-UKR"]
[Site "Simferopol UKR"]
[Date "2003.11.06"]
[Round "3"]
[White "Nechaev,An"]
[Black "Eljanov,P"]
[Result "1/2-1/2"]
[WhiteElo "2417"]
[BlackElo "2597"]

1.d4 Nf6 2.c4 g6 3.Nf3 Bg7 4.Nc3 d5 5.cxd5 Nxd5 6.e4 Nxc3 7.bxc3 c5 8.Bb5+ Nc6
9.O-O cxd4 10.cxd4 O-O 11.Be3 Bg4 12.Bxc6 bxc6 13.Rc1 Qa5 14.Qd2 Qxd2 15.Nxd2 Rfd8
16.Nb3 Be2 17.Rfe1 Bb5 18.e5 a5 19.Nc5 a4 20.Rc3 Rd5 21.h3 Bf8 22.Rec1 e6
23.Ne4 Be7 24.g4 h6 25.Kg2 Kg7 26.Kg3 g5 27.Kf3 Rh8 28.R1c2 h5 29.Kg2 hxg4
30.hxg4 Rdd8 31.f3 Rh7 32.Bg1 Rdh8  1/2-1/2

[Event "ch-UKR"]
[Site "Simferopol UKR"]
[Date "2003.11.08"]
[Round "5"]
[White "Sergeev,Vl"]
[Black "Eljanov,P"]
[Result "1-0"]
[WhiteElo "2447"]
[BlackElo "2597"]

1.d4 Nf6 2.Nf3 g6 3.Bg5 Bg7 4.e3 O-O 5.Nbd2 d5 6.b4 Nbd7 7.Be2 Re8 8.O-O e5
9.c4 h6 10.Bh4 Qe7 11.Rb1 exd4 12.Nxd4 Nf8 13.Re1 Ne6 14.N4f3 dxc4 15.Bxc4 b6
16.Qc2 Bb7 17.Bb5 Red8 18.Bc6 Bxc6 19.Qxc6 Qd7 20.Qxd7 Rxd7 21.h3 Nd5 22.Nc4 Nc3
23.Rb2 c5 24.Nfe5 Rd5 25.Nc6 b5 26.N4a5 Rh5 27.Be7 Nd5 28.Rc2 Nxe7 29.Nxe7+ Kf8
30.g4 Rxh3 31.Kg2 Ng5 32.Nec6 cxb4 33.Rd1 Rh4 34.Kg3 Rh3+ 35.Kg2 Rf3 36.Nxb4 Rf6
37.Rd7 Nf3 38.Rcc7 Ne5 39.Rxa7 Rc8 40.Rdc7 Re8 41.Nd5 Rd6 42.e4 Kg8 43.f3 Bh8
44.Nb7 Rde6 45.Nc5 Rc6 46.f4 Rxc5 47.Rxc5 Nxg4 48.Ne7+ Kf8 49.Rc8 Ne3+ 50.Kf3 Bd4
51.Rb7 Nc4 52.Rxe8+ Kxe8 53.Nc6 Bb6 54.Ne5 Nxe5+ 55.fxe5 Bd8 56.Rxb5  1-0

[Event "ch-UKR"]
[Site "Simferopol UKR"]
[Date "2003.11.09"]
[Round "6"]
[White "Eljanov,P"]
[Black "Korobkov,P"]
[Result "1-0"]
[WhiteElo "2597"]
[BlackElo "2404"]

1.d4 d5 2.c4 c6 3.Nf3 Nf6 4.e3 e6 5.Bd3 dxc4 6.Bxc4 b5 7.Bd3 Bb7 8.O-O a6
9.a4 b4 10.e4 c5 11.e5 Nd5 12.Nbd2 Nd7 13.Ne4 cxd4 14.Bg5 Qb8 15.Re1 h6 16.Bh4 Nf4
17.Rc1 Nxd3 18.Qxd3 Bd5 19.Qxd4 Qb6 20.Nd6+ Bxd6 21.exd6 O-O 22.Qxb6 Nxb6
23.Be7 Rfb8 24.Ne5 Rb7 25.a5 Nd7 26.Nxd7 Rxd7 27.Rc7 Rxc7 28.dxc7 Rc8 29.Bd8 Kf8
30.Rd1 Ke8 31.Rd4 b3 32.Rb4 Kd7 33.Rb6 Bc4 34.f4 Bb5 35.Kf2 Bc4 36.Ke3 Bf1
37.g3  1-0

[Event "RUS-UKR Blitz g/3"]
[Site "bereg.ru INT"]
[Date "2003.12.14"]
[Round "3"]
[White "Riazantsev,A"]
[Black "Eljanov,P"]
[Result "1-0"]
[WhiteElo "2572"]
[BlackElo "2597"]

1.d4 Nf6 2.c4 e6 3.Nf3 b6 4.g3 Bb7 5.Bg2 Bb4+ 6.Bd2 c5 7.O-O Bxd2 8.Qxd2 cxd4
9.Nxd4 Bxg2 10.Kxg2 O-O 11.Nc3 a6 12.Rac1 d6 13.e4 Qc7 14.b3 Nbd7 15.Rfd1 Rfd8
16.f3 Rac8 17.Rc2 Ne5 18.Rdc1 Qb7 19.Qe3 h6 20.a4 Ned7 21.Rd1 Nc5 22.Nce2 Ncd7
23.Rcd2 Ne5 24.Nc2 Qc7 25.Ncd4 Ng6 26.Rc2 Qb7 27.Rcd2 h5 28.h4 Qc7 29.Rc2 Rb8
30.Rdc1 Qc5 31.Rc3 Ne7 32.Qd2 Rbc8 33.Nc2 Qc7 34.Ne3 Qb7 35.Rd3 Ne8 36.Nf4 g6
37.Rd1 Qc6 38.e5 Ng7 39.Rxd6 Rxd6 40.Qxd6 Ngf5 41.Nxf5 Nxf5 42.Qxc6 Rxc6
43.Rd8+ Kg7 44.Nd3 Rc7 45.Kf2 Ne7 46.Rd6 Nc6 47.Ke3 Kf8 48.b4 Ke7 49.f4 f6
50.Ke4 fxe5 51.fxe5 Rc8 52.Nf4 Nd8 53.Kd3 Kf7 54.Rxb6 Rc7 55.Rxa6 Rd7+ 56.Kc3 Rd1
57.b5 Rb1 58.a5 Ke7 59.Ra7+ Ke8 60.a6 Ra1 61.Rh7 Nf7 62.Nxe6 Nxe5 63.a7 g5
64.Rh8+ Ke7 65.a8=Q Ra7 66.Qxa7+  1-0

[Event "RUS-UKR Blitz g/3"]
[Site "bereg.ru INT"]
[Date "2003.12.14"]
[Round "4"]
[White "Eljanov,P"]
[Black "Potkin,V"]
[Result "1-0"]
[WhiteElo "2597"]
[BlackElo "2534"]

1.d4 d5 2.c4 e6 3.Nf3 Nf6 4.Nc3 c6 5.Bg5 h6 6.Bh4 dxc4 7.e4 g5 8.Bg3 b5 9.Ne5 Bb4
10.Qf3 Bb7 11.Rd1 Nbd7 12.a3 Ba5 13.Be2 Qe7 14.h4 Rg8 15.hxg5 hxg5 16.O-O O-O-O
17.Nxd7 Nxd7 18.d5 a6 19.a4 Qf6 20.Qg4 Ne5 21.Bxe5 Qxe5 22.Qf3 f5 23.dxe6 f4
24.Qg4 Kb8 25.Qf5 Bc7 26.Bg4 b4 27.Ne2 c5 28.Rd7 Bxe4 29.Qxe5 Bxe5 30.Rfd1 Bf6
31.R1d6 Bb7 32.Kf1 Be7 33.Rb6 Rxd7 34.exd7 Kc7 35.Re6 Bd6 36.Re8 Be7 37.Rxg8 Bf6
38.Rf8 Be7 39.Re8 Bd8 40.Re6 Bd5 41.Re5 c3 42.bxc3 Bc4 43.Rxc5+ Kd6 44.Rxc4 b3
45.Rb4 Ba5 46.Rxb3 Kc5 47.Rb8 Bd8 48.Rxd8 Kd6 49.Rc8 Kd5 50.d8=Q+ Ke5 51.Qd4+  1-0

[Event "RUS-UKR Blitz g/3"]
[Site "bereg.ru INT"]
[Date "2003.12.14"]
[Round "8"]
[White "Eljanov,P"]
[Black "Rustemov,A"]
[Result "1-0"]
[WhiteElo "2597"]
[BlackElo "2604"]

1.d4 d5 2.c4 e6 3.Nf3 Be7 4.Nc3 Nf6 5.Qc2 dxc4 6.e4 Nc6 7.e5 Nb4 8.Qb1 Nfd5
9.Bxc4 Nb6 10.Bb3 Bd7 11.a3 N4d5 12.O-O Bc6 13.Ne4 h6 14.Qc2 Qd7 15.Bd2 Ba4
16.Nc5 Bxb3 17.Qxb3 Qc8 18.a4 a5 19.Rac1 O-O 20.Qd3 Nd7 21.Qe4 Rd8 22.Qg4 Kh8
23.Qh5 Kg8 24.Qg4 Kh8 25.Ne4 Nf8 26.Rfe1 Qd7 27.b3 Rac8 28.Qh5 Kg8 29.Rcd1 Qe8
30.Qg4 Kh8 31.Bxa5 b6 32.Bd2 b5 33.a5 b4 34.Qh3 Nh7 35.Rc1 Ra8 36.Ra1 Ra6
37.Ng3 Rda8 38.Nh5 Bf8 39.Qg4 Rxa5 40.Rxa5 Rxa5 41.Nf4 Nxf4 42.Qxf4 Ra3 43.Rb1 Be7
44.h3 Nf8 45.Qe4 Ng6 46.Qb7 Qa8 47.Qxc7 Kg8 48.Qc4 Qb7 49.Rc1 Ra8 50.Be3 Bf8
51.Nd2 Ne7 52.Qc7 Qxc7 53.Rxc7 Nd5 54.Rc2 Ra3 55.Kf1 g5 56.Ke2 Kg7 57.Kd3 Be7
58.Rc6 Ra1 59.Kc4 Rc1+ 60.Kb5 Nc7+ 61.Kb6 Nd5+ 62.Kb7 Rb1 63.Rc4 Ra1 64.Rc2 Ra3
65.Kc6 h5 66.Kb5 g4 67.hxg4 hxg4 68.Kc4 g3 69.Kd3 gxf2 70.Bxf2 Nf4+ 71.Ke4 Nxg2
72.Be3 Nh4 73.Rc1 Nf5 74.Rg1+ Kf8 75.Bf2 Ra2 76.Be1 Bh4 77.Bxh4 Rxd2 78.Bf6 Re2+
79.Kd3 Re3+ 80.Kc4 Rh3 81.Ra1 Rf3 82.Ra8+  1-0

[Event "RUS-UKR Blitz g/3"]
[Site "bereg.ru INT"]
[Date "2003.12.14"]
[Round "10"]
[White "Kodinets,K"]
[Black "Eljanov,P"]
[Result "0-1"]
[WhiteElo "2409"]
[BlackElo "2597"]

1.d4 Nf6 2.Nf3 g6 3.Bg5 Bg7 4.Nbd2 d5 5.e3 O-O 6.Bd3 Nbd7 7.O-O Re8 8.c4 dxc4
9.Nxc4 Nb6 10.Nce5 c6 11.h3 Be6 12.Qe2 Nfd7 13.Nxd7 Qxd7 14.Rfd1 h6 15.Bh4 Rad8
16.Bg3 Nd5 17.Be5 Nf6 18.b3 Bd5 19.Rac1 Rc8 20.e4 Be6 21.Qe3 Red8 22.Bc4 Bxc4
23.bxc4 Qe8 24.d5 cxd5 25.cxd5 Qa4 26.Bxf6 Bxf6 27.Rxc8 Rxc8 28.Rc1 Rxc1+
29.Qxc1 Qxe4 30.Qc8+ Kg7 31.Qxb7 a5 32.Qb5 a4 33.Kh2 Qc2 34.a3 Qd1 35.Qc4 h5
36.h4 Bb2 37.Ng5 Be5+ 38.g3 Qd4 39.Qxd4 Bxd4 40.Ne4 f5 41.Nd2 Bxf2 42.Kg2 Bd4
43.Kf3 Kf6 44.Nc4 e5 45.dxe6 Kxe6 46.Ke2 Kd5 47.Kd3 Bf2 48.Nb2 Bxg3 49.Nxa4 Bxh4
50.Nc3+ Ke5 51.Ne2 Bd8 52.a4 h4 53.Ke3 g5 54.Kf3 g4+  0-1

[Event "RUS-UKR Blitz g/3"]
[Site "bereg.ru INT"]
[Date "2003.12.14"]
[Round "15"]
[White "Dobrov,V"]
[Black "Eljanov,P"]
[Result "0-1"]
[WhiteElo "2492"]
[BlackElo "2597"]

1.d4 Nf6 2.c4 g6 3.Nc3 d5 4.Nf3 Bg7 5.cxd5 Nxd5 6.e4 Nxc3 7.bxc3 c5 8.Rb1 O-O
9.Be2 b6 10.O-O Bb7 11.d5 Bxc3 12.Qb3 Bg7 13.Bf4 Qc8 14.Rfe1 Ba6 15.Bxa6 Qxa6
16.e5 Nd7 17.Bg5 Rae8 18.Rbd1 c4 19.Qc2 Nc5 20.d6 exd6 21.exd6 Rxe1+ 22.Nxe1 Re8
23.h4 Nd7 24.Nf3 b5 25.Be7 Qc6 26.h5 Qc5 27.hxg6 hxg6 28.Ng5 c3 29.Qb3 Qf5
30.Rd5 Qf4 31.g3 Qc4 32.Qxc4 bxc4 33.Rd1 Rb8 34.Rc1 Rb2 35.Ne4 c2 36.Kg2 Bd4
37.a4 Kg7 38.Nd2 c3 39.Nf3 Bc5 40.Nh2 Ra2 41.Nf1 Ba3  0-1

[Event "8th Neckar Open"]
[Site "Deizisau GER"]
[Date "2004.04.10"]
[Round "4"]
[White "Eljanov,P"]
[Black "Kasparov,S"]
[Result "0-1"]
[WhiteElo "2596"]
[BlackElo "2486"]

1.d4 Nf6 2.Nf3 c5 3.d5 g6 4.Nc3 d6 5.e4 Bg7 6.Bc4 O-O 7.O-O Bg4 8.h3 Bxf3
9.Qxf3 Nbd7 10.Qd1 Ne8 11.Re1 a6 12.a4 b6 13.Bg5 Nc7 14.f4 Re8 15.Bh4 Bf6
16.Bf2 Rb8 17.Qd3 Qc8 18.Rad1 Qb7 19.e5 Bg7 20.Qf3 b5 21.axb5 axb5 22.Bf1 dxe5
23.fxe5 Nxe5 24.Qg3 Nc4 25.b3 Nd6 26.Bxc5 b4 27.Na4 Nxd5 28.Qf3 Nc3 29.Qxb7 Nxb7
30.Bxb4 Nxd1 31.Rxd1 Bf8 32.Be1 Red8 33.Rb1 e5 34.b4 Nc5 35.Nxc5 Bxc5+ 36.Kh2 e4
37.c3 f5 38.Bg3 Bd6 39.Bxd6 Rxd6 40.c4 Rc6 41.Kg3 Kg7 42.Kf4 Kf6 43.g4 g5+
44.Ke3 Ke5 45.gxf5 Ra6 46.Rb3 Rba8 47.b5 Ra3 48.Rxa3 Rxa3+ 49.Kf2 Rf3+ 50.Ke1 Kd4  0-1

[Event "6th Open"]
[Site "Dubai UAE"]
[Date "2004.04.20"]
[Round "2"]
[White "Megaranto,S"]
[Black "Eljanov,P"]
[Result "1/2-1/2"]
[WhiteElo "2458"]
[BlackElo "2592"]

1.e4 c5 2.Nf3 Nc6 3.d4 cxd4 4.Nxd4 e5 5.Nb5 d6 6.N1c3 a6 7.Na3 Be7 8.Nd5 Nf6
9.Nxf6+ Bxf6 10.Nc4 Be7 11.Ne3 O-O 12.Bc4 Bg5 13.O-O Rb8 14.a4 Be6 15.Bd5 Nd4
16.Bxe6 fxe6 17.c3 Bxe3 18.Bxe3 Nc6 19.Qb3 Qe7 20.Rfd1 Nd8 21.Rd2 Nf7 22.a5 Rfe8
23.Ra4 Qc7 24.Bb6 Qd7 25.Rb4 Re7 26.f3 Rc8 27.Bf2 Rc7 28.h3 h6 29.Bh4 g5
30.Bf2 Kg7 31.Rb6 Rc6 32.h4 Rxb6 33.Qxb6 Qc7 34.hxg5 hxg5 35.Qb4 Qc6 36.c4 Rc7
37.b3 Rc8 38.Rd3 Kf6 39.Qd2 Rh8 40.Qe3 Qc7 41.Qb6 Qxb6 42.Bxb6 g4 43.fxg4 Rg8
44.c5 d5 45.exd5 exd5 46.Rxd5 Ke6 47.Rd3 Rxg4 48.Kf2 Rb4 49.Rg3 e4 50.Rg6+ Kf5
51.c6 bxc6 52.Rxc6 Rxb3 53.Bd4 Rd3 54.Rf6+ Kg5 55.Rxf7 Rxd4 56.Ra7 Kf4 57.g3+ Ke5
58.Rxa6 Rd2+ 59.Ke1 Ra2 60.Ra8 Kd4 61.a6 Ke3 62.Kf1 Kf3 63.Rf8+ Kxg3 64.Rf6 Kg4
65.Ke1 Kg5 66.Rf8 Rxa6 67.Ke2  1/2-1/2

[Event "MTO"]
[Site "Biel SUI"]
[Date "2004.07.20"]
[Round "2"]
[White "Eljanov,P"]
[Black "Paehtz,T sr"]
[Result "1-0"]
[WhiteElo "2613"]
[BlackElo "2427"]

1.d4 d5 2.c4 c6 3.Nf3 Nf6 4.e3 a6 5.Qc2 g6 6.Bd3 Bg7 7.O-O O-O 8.Nc3 b5 9.b3 Nbd7
10.Bb2 Nb6 11.c5 Nbd7 12.b4 e5 13.e4 dxe4 14.Bxe4 Nxe4 15.Nxe4 f5 16.Qb3+ Kh8
17.Neg5 e4 18.Ne6 Nxc5 19.dxc5 Bxe6 20.Bxg7+ Kxg7 21.Qxe6 exf3 22.Qxc6 Qf6
23.Qxf3 a5 24.Qb7+ Kh8 25.bxa5 Rxa5 26.c6 Qd6 27.Rad1 Qb8 28.Qxb8 Rxb8 29.c7 Rg8
30.Rd8 Ra8 31.Rfd1  1-0

[Event "MTO"]
[Site "Biel SUI"]
[Date "2004.07.26"]
[Round "7"]
[White "Raetsky,A"]
[Black "Eljanov,P"]
[Result "0-1"]
[WhiteElo "2399"]
[BlackElo "2613"]

1.d4 Nf6 2.c4 g6 3.Nc3 d5 4.Nf3 Bg7 5.Bg5 Ne4 6.Bh4 c6 7.e3 Qa5 8.Qb3 dxc4
9.Bxc4 Nd6 10.Be2 Be6 11.Qc2 Nf5 12.Bg5 Nd7 13.O-O h6 14.Bf4 g5 15.Bg3 Nxg3
16.hxg3 O-O 17.a3 Bf5 18.Bd3 Bxd3 19.Qxd3 c5 20.b4 cxb4 21.axb4 Qxb4 22.Rfb1 Qd6
23.Qe4 Nf6 24.Qxb7 Rfb8 25.Qa6 Rxb1+ 26.Nxb1 Qxa6 27.Rxa6 Rc8 28.Nbd2 Rc1+
29.Nf1 Rc7 30.Ne5 e6 31.Nc6 Bf8 32.f3 Nd5 33.Nxa7 Rc1 34.Kf2 Nb4 35.Ra4 Nd3+
36.Ke2 Nb2 37.Ra6 Rc2+  0-1

[Event "Open"]
[Site "Ashdod ISR"]
[Date "2004.12.11"]
[Round "3"]
[White "Kaplan,S"]
[Black "Eljanov,P"]
[Result "1-0"]
[WhiteElo "2325"]
[BlackElo "2629"]

1.e4 c5 2.Nf3 Nc6 3.d4 cxd4 4.Nxd4 e5 5.Nb5 d6 6.c4 Be7 7.N1c3 a6 8.Na3 Be6
9.Nc2 Bg5 10.Bd3 h6 11.O-O Nge7 12.Nd5 Bxc1 13.Rxc1 O-O 14.Qd2 Rb8 15.Rfd1 b5
16.cxb5 axb5 17.Be2 Bxd5 18.exd5 Na7 19.Nb4 Qd7 20.f4 exf4 21.Qxf4 Rbc8 22.Bg4 f5
23.Bh5 Rxc1 24.Qxc1 Rc8 25.Qd2 Rc4 26.b3 Rc5 27.Re1 Nac8 28.Bf3 Nb6 29.Nd3 Rxd5
30.Bxd5+ Nbxd5 31.Nf4 Nf6 32.Qd4 Ne4 33.Rc1 Kh7 34.Qb6  1-0

[Event "XXXV Bosnia GM"]
[Site "Sarajevo BIH"]
[Date "2005.05.19"]
[Round "1"]
[White "Predojevic,B"]
[Black "Eljanov,P"]
[Result "1/2-1/2"]
[WhiteElo "2549"]
[BlackElo "2641"]

1.e4 d6 2.Nc3 Nf6 3.g3 e5 4.Bg2 Be7 5.Nge2 c6 6.O-O b5 7.a3 Nbd7 8.h3 a5
9.g4 Ba6 10.Ng3 b4 11.Nce2 b3 12.d3 bxc2 13.Qxc2 O-O 14.Nf5 Re8 15.Neg3 Nc5
16.Rd1 Bf8 17.d4 exd4 18.Nxd4 Qb6 19.Be3 Nfd7 20.Ndf5 Qb8 21.b4 axb4 22.axb4 Qxb4
23.Rab1 Qa3 24.Rbc1 Bd3 25.Qc3 Red8 26.Nd4 Ne5 27.f4 Nc4 28.Bf2 Nb2 29.Qxa3 Rxa3
30.Rd2 Nc4 31.Rxd3 Nxd3 32.Rxc4 d5 33.exd5 cxd5 34.Rc2 Nxf4 35.Bf1 g6 36.Nde2 Nd3
37.Rc3 Nxf2 38.Kxf2 Rxc3 39.Nxc3 Bg7 40.Nce2 Be5 41.Nc1 f6 42.Nge2 Kf7 43.Nd3 Ke6
44.Bg2 Rb8 45.Ke3 Kd6 46.Bf3 Rb3 47.Bg2 Ra3 48.Bf3 f5 49.gxf5 gxf5 50.Bg2 Bg7
51.Nf4 Bh6 52.Kd4 Ra4+ 53.Ke3 Bxf4+ 54.Nxf4 d4+ 55.Kf2 Ra2+ 56.Kf1 Rd2 57.Ke1 Rb2
58.Kf1 Rc2 59.Bf3 h6 60.Nd3 Rd2 61.Be2 Ra2 62.Kf2 Ra8 63.Kf3 Re8 64.Bf1 Ke6
65.Kf4 Kf6 66.Nc5 Rc8 67.Nd7+ Ke6 68.Bd3  1/2-1/2

[Event "49th TCh-ESP Honor 1"]
[Site "Merida ESP"]
[Date "2005.08.27"]
[Round "4"]
[White "Eljanov,P"]
[Black "Markowski,T"]
[Result "1/2-1/2"]
[WhiteElo "2639"]
[BlackElo "2564"]

1.d4 d5 2.Nf3 Nf6 3.c4 dxc4 4.Nc3 e6 5.e4 Bb4 6.Bg5 c5 7.Bxc4 cxd4 8.Nxd4 Qa5
9.Bb5+ Bd7 10.Bxf6 Bxc3+ 11.bxc3 gxf6 12.Bxd7+ Nxd7 13.O-O a6 14.Rb1 Qc7
15.Qd2 O-O 16.Rfd1 Rad8 17.Qh6 Kh8 18.Ne2 Rg8 19.Nf4 Qe5 20.h4 Qxe4 21.Rb4 Qf5
22.Rbd4 e5 23.Rd5 Qxf4 24.Qxf4 exf4 25.Rxd7 Rxd7 26.Rxd7 f3 27.Rxb7 Rxg2+
28.Kf1 Rh2 29.Ke1 Rxh4 30.Rb4 Rh5 31.c4 Re5+ 32.Kf1 Kg7 33.Ra4 a5 34.Ra3 Rc5
35.Kg1 f5 36.Kh2 f4 37.Kh3 h5 38.Kh4 Kg6 39.Rc3 a4 40.Rc2 Kf6 41.Rc1 Ke6
42.Rc3 Ke5 43.Rxf3 Rxc4 44.Kxh5 Ke4 45.Ra3 Kd4 46.Kg4 Kc5 47.Rd3 Rd4 48.Rf3 Kb4
49.a3+ Kc4 50.Kg5 Rd3 51.Rxf4+ Kb3 52.Rxf7 Kxa3 53.f4  1/2-1/2

[Event "VII Dos Hermanas Internet"]
[Site "ICC INT"]
[Date "2006.03.24"]
[Round "1.2"]
[White "Eljanov,P"]
[Black "Vovk,Y"]
[Result "1-0"]
[WhiteElo "2655"]
[BlackElo "2414"]

1.d4 Nf6 2.c4 c5 3.e3 e6 4.Nf3 d5 5.cxd5 exd5 6.Bb5+ Bd7 7.Bxd7+ Qxd7 8.dxc5 Bxc5
9.O-O Nc6 10.b3 O-O 11.Bb2 Ne4 12.Nbd2 Rfd8 13.Rc1 Bf8 14.Qe2 Qf5 15.Nd4 Nxd4
16.Bxd4 Nd6 17.Nf3 f6 18.h3 Ne4 19.Rc7 b6 20.Rfc1 Bd6 21.R7c6 Bc5 22.Bxc5 bxc5
23.Nd2 Qd7 24.Ra6 Nxd2 25.Qxd2 Rac8 26.Qa5 d4 27.Rxa7 Qd6 28.Qa6 dxe3 29.fxe3 Qd2
30.Qc4+ Kh8 31.Qc3 Qe2 32.Qe1 Qb2 33.Rd1 Qc2 34.Rxd8+ Rxd8 35.Qg3 Rg8 36.Kh2 h6
37.Qf4 Re8 38.Qg4 Qh7 39.Rc7 h5 40.Rc8 Rg8 41.Qe6 Rxc8 42.Qxc8+ Qg8 43.Qxg8+ Kxg8
44.Kg3 g5 45.Kf3 Kf7 46.Ke4 Ke6 47.g4 h4 48.a3 f5+ 49.gxf5+ Kf6 50.a4 g4
51.hxg4 Kg5 52.Kf3 h3 53.Kg3 c4 54.bxc4 h2 55.Kxh2  1-0

[Event "VII Dos Hermanas Internet"]
[Site "ICC INT"]
[Date "2006.03.24"]
[Round "1.3"]
[White "Vovk,Y"]
[Black "Eljanov,P"]
[Result "1-0"]
[WhiteElo "2414"]
[BlackElo "2655"]

1.e4 c5 2.Nf3 Nc6 3.d4 cxd4 4.Nxd4 e5 5.Nb5 d6 6.c4 Be7 7.N1c3 a6 8.Na3 Be6
9.Nc2 Bg5 10.Bxg5 Qxg5 11.h4 Qe7 12.Qd2 Nf6 13.O-O-O Rd8 14.f4 exf4 15.Qxf4 O-O
16.Ne3 Ne5 17.Kb1 Rc8 18.Be2 Ng6 19.Qxd6 Qxd6 20.Rxd6 Rfd8 21.Rxd8+ Rxd8
22.Ned5 Ne5 23.Rd1 Kf8 24.b3 Nfd7 25.Nf4 Rc8 26.Ncd5 Nc5 27.Bf3 Rd8 28.Kc2 a5
29.Kc3 Bxd5 30.exd5 b6 31.a3 Rc8 32.Re1 Ncd7 33.Nd3 f6 34.Nxe5 Nxe5 35.Be2 Ra8
36.Kd4 Ke7 37.Bd3 h6 38.Bf5 Kd6 39.Bc2 Rc8 40.Bd3 Ra8 41.Re3 Ra7 42.h5 Ra8
43.Rg3 Ra7 44.Bf5 Rc7 45.Rc3 Ra7 46.Bc2 Nf7 47.b4 axb4 48.axb4 Ne5 49.c5+ bxc5+
50.bxc5+ Kd7 51.Bf5+ Kd8 52.d6 Ra2 53.c6 Rd2+ 54.Kc5  1-0

[Event "TCh-FRA Top 16 Gp B"]
[Site "Gonfreville FRA"]
[Date "2006.03.30"]
[Round "4"]
[White "Varga,P1"]
[Black "Eljanov,P"]
[Result "1/2-1/2"]
[WhiteElo "2415"]
[BlackElo "2655"]

1.d4 Nf6 2.c4 g6 3.f3 Nc6 4.d5 Ne5 5.e4 d6 6.Ne2 Bg7 7.Nec3 O-O 8.Be2 e6
9.Be3 exd5 10.cxd5 c6 11.dxc6 Nxc6 12.Na3 Be6 13.Bc4 Qe7 14.Bxe6 Qxe6 15.Nab5 Rad8
16.O-O Rd7 17.Nd4 Nxd4 18.Bxd4 d5 19.e5 Nh5 20.f4 f6 21.exf6 Nxf6 22.Qd3 Nh5
23.g3 Re8 24.Rad1 b6 25.Qf3  1/2-1/2